Характеристики и условия процессов зажигания частиц влажного угля совместно с древесной биомассой; Бутаковские чтения

Λεπτομέρειες βιβλιογραφικής εγγραφής
Parent link:Бутаковские чтения.— 2025.— С. 321-322
Κύριος συγγραφέας: Омаров А. А.
Άλλοι συγγραφείς: Сыродой С. В. Семен Владимирович (научный руководитель), Баранова А. А. Анастасия Андреевна, Кузнецов Г. В. Гений Владимирович
Περίληψη:Текстовый файл
Γλώσσα:Ρωσικά
Έκδοση: 2025
Θέματα:
Διαθέσιμο Online:conference_tpu-2025-C133_p321-322.pdf
Μορφή: Ηλεκτρονική πηγή Κεφάλαιο βιβλίου
KOHA link:https://koha.lib.tpu.ru/cgi-bin/koha/opac-detail.pl?biblionumber=685967

MARC

LEADER 00000naa2a2200000 4500
001 685967
005 20260406095921.0
090 |a 685967 
100 |a 20260406d2025 k||y0rusy50 ca 
101 0 |a rus 
102 |a RU 
135 |a drcn ---uucaa 
200 1 |a Характеристики и условия процессов зажигания частиц влажного угля совместно с древесной биомассой  |f А. А. Омаров, С. В. Сыродой, А. А. Баранова (Косторева)  |g науч. рук. Г. В. Кузнецов 
283 |2 RDAcarrier 
320 |a Список литературы: 4 назв 
336 |a Текстовый файл 
463 1 |0 685753  |9 685753  |t Бутаковские чтения  |o сборник статей V Всероссийской с международным участием молодёжной конференции, 9-11 декабря 2025 г., Томск  |n Изд-во ТПУ  |c Томск  |d 2025  |u conference_tpu-2025-C133.pdf  |v С. 321-322 
545 1 |a Теплофизические аспекты энергетических технологий 
610 1 |a труды учёных ТПУ 
610 1 |a электронный ресурс 
610 1 |a древесная биомасса 
610 1 |a уголь  
610 1 |a зажигание 
700 1 |a Омаров  |b А. А. 
701 1 |a Сыродой  |b С. В.  |c специалист в области теплотехники  |c профессор Томского политехнического университета, доктор технических наук  |f 1988-  |g Семен Владимирович  |9 17231 
701 1 |a Баранова  |b А. А.  |c специалист в области теплоэнергетики  |c инженер Томского политехнического университета, кандидат технических наук  |f 1994-  |g Анастасия Андреевна  |9 89223 
702 1 |a Кузнецов  |b Г. В.  |c специалист в области теплоэнергетики  |c профессор Томского политехнического университета, доктор физико-математических наук  |f 1949-  |g Гений Владимирович  |4 727 
801 0 |a RU  |b 63413507  |c 20260406 
850 |a 63413507 
856 4 0 |u conference_tpu-2025-C133_p321-322.pdf  |z conference_tpu-2025-C133_p321-322.pdf 
942 |c CF